000 01279nam2a22002411 4500
001 rc\778702
005 20250622135603.0
035 _a(NLR Aleph) 006325993
090 _a7495520
_c7495520
100 _a20040301d1986 |||y0rusy50 ca
101 0 _arus
102 _aRU
105 _ay |||||||||
200 1 _aСпектры полициансодержащих соединений
_f[Подгот. А.Х. Булай и др.]
210 _d1986
_aБ. м.
215 _a158 с.
461 0 _1001rc\778700
_12001#$aАТЛАС спектров углеродного магнитного резонанса$fПод ред. акад. В.А. Коптюга и к. х. н. М.И. Подгорной$gАН СССР. Сиб. отд-ние, Новосиб. ин-т орган. химии, Науч.-информ. центр по молекуляр. спектроскопии$vВып. 5
_97495501
_cНовосибирск
_d1984-
_fПод ред. акад. В.А. Коптюга и к. х. н. М.И. Подгорной
_nНИОХ
_tАТЛАС спектров углеродного магнитного резонанса
_vВып. 5
702 1 _aБулай
_bА.Х.
_4570
801 0 _aRU
_bNLR
_gpsbo
801 1 _aRU
_bELAR
_2rusmarc
852 _aNLR
_j87-5/3357
942 _cBOOK
980 _aNB